00321nam a2200133Ia 4500003000900000008004100009040001300050040001300063245005900076245001100135300000800146490000600154600002700160IT-RoPAU120407s9999 xx 000 0 und d aIT-RoPAU cIT-RoPAU aIl Rosario e la nuova Pompei (annate dal 1984 al 1992) cAA.VV. c cm v9 a9 annate della rivista